[Event "Olimpiade 2014 - Open"]
[Site "Tromsø"]
[Date "10.08.2014"]
[Round "8.74"]
[Board "1"]
[White "Holland, Christopher"]
[Black "De Mey, Juan Pablo"]
[Result "0-1"]
[BlackTitle "FM"]
[WhiteElo "2270"]
[BlackElo "1937"]
[WhiteTeam "Guernsey"]
[BlackTeam "Aruba"]
[WhiteFideId "10700072"]
[BlackFideId "15900312"]
[EventDate "2014.08.02"]

1. d4 f5 2. c4 Nf6 3. Nc3 e6 4. Qc2 Nc6 5. e3 Be7 6. Bd2 a6 7. Nf3 O-O 8. d5 Nb8
9. O-O-O c6 10. e4 fxe4 11. Nxe4 cxd5 12. Nxf6+ Bxf6 13. cxd5 exd5 14. Bc3 Nc6
15. Rxd5 d6 16. h4 g6 17. Ng5 Ne5 18. Ne4 Bg7 19. Rxd6 Qe7 20. Qb3+ Kh8 21. h5
Bf5 22. f4 Bxe4 23. fxe5 Qg5+ 24. Bd2 Qxe5 25. hxg6 Rxf1+ 26. Rxf1 Qxd6 0-1

[Event "Olimpiade 2014 - Open"]
[Site "Tromsø"]
[Date "10.08.2014"]
[Round "8.74"]
[Board "2"]
[White "Bueno, Mark"]
[Black "Hamperl, Fred"]
[Result "0-1"]
[BlackTitle "FM"]
[WhiteElo "1828"]
[BlackElo "2119"]
[WhiteTeam "Aruba"]
[BlackTeam "Guernsey"]
[WhiteFideId "15900371"]
[BlackFideId "10700110"]
[EventDate "2014.08.02"]

1. e4 c5 2. Nf3 Nc6 3. d4 cxd4 4. Nxd4 e5 5. Nb5 d6 6. N1c3 a6 7. Na3 b5 8. Nd5
Nce7 9. c3 Nxd5 10. Qxd5 Be6 11. Qd1 Nf6 12. Bg5 d5 13. exd5 Bxa3 14. dxe6 Qxd1+
15. Rxd1 Bxb2 16. exf7+ Kxf7 17. c4 Ne4 18. Be3 Bc3+ 19. Ke2 Bb4 20. Kf3 Nc3 21.
Rd7+ Kf6 22. cxb5 axb5 23. Bd2 e4+ 24. Kg3 Ra3 25. Bxc3+ Rxc3+ 26. f3 Rc1 27.
fxe4 Ra8 28. Rd3 Rxa2 29. Rf3+ Ke7 30. e5 Bc5 31. h4 b4 32. Rd3 Raa1 33. Rf3 b3
34. Rxb3 Rxf1 35. Rxf1 Rxf1 36. Rb7+ Kf8 37. Rb8+ Kf7 38. Rb7+ Be7 39. Kg4 g6
40. g3 h5+ 41. Kh3 Ke6 42. Rb6+ Kf7 43. Rb7 Rf2 44. Ra7 Re2 45. Ra5 Ke6 46. Ra6+
Kf5 47. Rb6 Rxe5 48. Rb3 Re1 49. Rf3+ Ke6 50. Kg2 Bc5 51. Rc3 Re2+ 52. Kh3 Bd6
53. Rf3 Be5 54. Rf1 Re3 55. Rg1 Rf3 56. Rg2 Kf5 57. Rg1 Bd4 58. Rb1 Be5 59. Rg1
Bd6 60. Rg2 Rf1 61. Rd2 Be5 62. Rd3 Ke4 63. Ra3 Rf3 64. Ra4+ Kf5 0-1

[Event "Olimpiade 2014 - Open"]
[Site "Tromsø"]
[Date "10.08.2014"]
[Round "8.74"]
[Board "4"]
[White "Croes, Octavio"]
[Black "Brookfield, Toby"]
[Result "1-0"]
[WhiteTitle "CM"]
[BlackTitle "CM"]
[WhiteElo "1892"]
[BlackElo "1889"]
[WhiteTeam "Aruba"]
[BlackTeam "Guernsey"]
[WhiteFideId "1007220"]
[BlackFideId "10700234"]
[EventDate "2014.08.02"]

1. d4 f5 2. Nf3 Nf6 3. Bg5 e6 4. Nbd2 Be7 5. Bxf6 Bxf6 6. e4 O-O 7. Bd3 d5 8. e5
Be7 9. O-O c5 10. c3 Nc6 11. Re1 Bd7 12. Rc1 Rc8 13. Bb1 Be8 14. dxc5 Bxc5 15.
Nb3 Bb6 16. Nbd4 Qe7 17. Qd2 h6 18. b4 Bh5 19. a3 a5 20. Ba2 axb4 21. Nxe6 Bxf3
22. gxf3 bxc3 23. Qxd5 Rf7 24. Rxc3 Kh8 25. Nf4 Qg5+ 26. Ng2 Re7 27. f4 Qg6 28.
Rg3 Qe8 29. Qd3 Nd4 30. Nh4 Rd7 31. Nxf5 Rc2 32. Nxd4 Rxa2 33. Qb3 Rd2 34. Qxb6
R2xd4 35. f5 Rd1 36. Re3 Qh5 37. Qg6 Qh4 38. f6 gxf6 39. exf6 Qg5+ 40. Qxg5 hxg5
41. Kg2 Rxe1 42. Rxe1 Rf7 43. Re8+ Kh7 44. Re7 Kg6 45. Rxf7 Kxf7 46. Kg3 Kxf6
47. f4 Kf5 48. fxg5 Kxg5 49. h4+ Kf5 50. a4 b6 51. Kf3 1-0

[Event "Olimpiade 2014 - Open"]
[Site "Tromsø"]
[Date "10.08.2014"]
[Round "8.75"]
[Board "1"]
[White "Banlock, Benjamin Didier"]
[Black "Van Rensselaer, William"]
[Result "1-0"]
[BlackTitle "FM"]
[WhiteElo "2054"]
[BlackElo "1908"]
[WhiteTeam "Cameroon"]
[BlackTeam "US Virgin Isles"]
[WhiteFideId "15800059"]
[BlackFideId "6800165"]
[EventDate "2014.08.02"]

1. d4 Nf6 2. Nf3 g6 3. Bf4 Bg7 4. e3 d6 5. Be2 O-O 6. c4 Bg4 7. h3 Bf5 8. Qb3 b6
9. Nc3 c5 10. d5 Na6 11. Nd2 Nc7 12. O-O Rb8 13. e4 Bd7 14. e5 Nfe8 15. exd6
Nxd6 16. Nce4 Re8 17. Rfe1 Nf5 18. g4 Nd4 19. Qg3 Rc8 20. Bd3 Na6 21. Rad1 Nb4
22. Bb1 Ra8 23. Rc1 Qc8 24. a3 Na6 25. Nc3 f5 26. g5 e6 27. Bd3 Nb8 28. Nf3
Nxf3+ 29. Qxf3 e5 30. Bh2 e4 31. Bxe4 fxe4 32. Nxe4 Rf8 33. Nf6+ Bxf6 34. gxf6
Bxh3 35. Bg3 Bf5 36. Re7 Nd7 37. Bh4 Nxf6 38. Qc3 Nh5 39. Rce1 Bd7 40. Qe3 Re8
41. Qh6 Be6 42. Qxh7+ Kf8 43. R1xe6 1-0

[Event "Olimpiade 2014 - Open"]
[Site "Tromsø"]
[Date "10.08.2014"]
[Round "8.75"]
[Board "2"]
[White "Massana, Jorge"]
[Black "Agbor Ebot, John"]
[Result "1/2-1/2"]
[WhiteTitle "CM"]
[WhiteElo "2180"]
[BlackElo "1931"]
[WhiteTeam "US Virgin Isles"]
[BlackTeam "Cameroon"]
[WhiteFideId "3100073"]
[BlackFideId "16400216"]
[EventDate "2014.08.02"]

1. e4 c5 2. Nc3 Nc6 3. f4 d6 4. Nf3 Bg4 5. Bc4 e6 6. O-O Nf6 7. d3 Be7 8. h3
Bxf3 9. Qxf3 O-O 10. Qf2 Rc8 11. Kh1 Qd7 12. a4 d5 13. Bb5 a6 14. Bxc6 Qxc6 15.
e5 Nd7 16. Bd2 f6 17. exf6 Rxf6 18. Qe2 Rcf8 19. b3 Bd6 20. Rae1 Bc7 21. Kg1 Qd6
22. g3 Nb8 23. Nd1 Nc6 24. Bc3 Rg6 25. Kh2 Qd8 26. Nf2 Rf5 27. Ng4 d4 28. Bd2 h5
29. Nf2 e5 30. Qe4 Rgf6 31. Kg2 exf4 32. gxf4 Bxf4 33. Bxf4 Rxf4 34. Qe8+ Qxe8
35. Rxe8+ Kf7 36. Rc8 Kg6 37. Re8 Nb4 38. Re2 Nd5 39. Rg1 Kf7 40. Ne4 Ne3+ 41.
Kh1 Rg6 42. Rxg6 Kxg6 43. Nxc5 Rf7 44. Ne6 Nf5 45. Kh2 Kf6 46. Nf4 Kg5 47. Ne6+
Kf6 48. Nf4 Kg5 49. Ne6+ Kf6 50. Nf4 Kg5 51. Ne6+ Kf6 1/2-1/2

[Event "Olimpiade 2014 - Open"]
[Site "Tromsø"]
[Date "10.08.2014"]
[Round "8.75"]
[Board "4"]
[White "Mongiello, Anthony"]
[Black "Makem, Pierre"]
[Result "0-1"]
[BlackTitle "CM"]
[WhiteElo "1580"]
[BlackElo "1928"]
[WhiteTeam "US Virgin Isles"]
[BlackTeam "Cameroon"]
[WhiteFideId "6800173"]
[BlackFideId "11000805"]
[EventDate "2014.08.02"]

1. d4 Nf6 2. Nc3 d5 3. e4 dxe4 4. f3 c5 5. Be3 exf3 6. Nxf3 e6 7. Ne5 cxd4 8.
Bxd4 Bb4 9. Qd3 O-O 10. O-O-O Bxc3 11. Qxc3 Nd5 12. Qg3 f6 13. Ng4 Nc6 14. Bc5
Nce7 15. Bd3 Qa5 16. Ba3 b5 17. Bxh7+ Kxh7 18. Rd3 b4 19. Qh4+ Kg8 20. Nh6+ gxh6
21. Qxh6 Kf7 22. Qh5+ Ng6 23. Qh7+ Ke8 24. Qxg6+ Rf7 25. Re1 bxa3 26. Qg8+ Ke7
27. Red1 axb2+ 28. Kb1 Bb7 29. Qg3 Rc8 30. Rb3 Nc3+ 31. Rxc3 Qxc3 32. Qg6 Bd5
33. h4 Rc5 34. h5 Bxa2+ 35. Kxa2 Ra5+ 36. Kb1 Ra1# 0-1

[Event "Olimpiade 2014 - Open"]
[Site "Tromsø"]
[Date "10.08.2014"]
[Round "8.76"]
[Board "1"]
[White "Bah, Ebrima"]
[Black "Fancy, Stuart"]
[Result "1-0"]
[BlackTitle "FM"]
[WhiteElo "2070"]
[BlackElo "2036"]
[WhiteTeam "Gambia"]
[BlackTeam "Papua New Guinea"]
[WhiteFideId "21100039"]
[BlackFideId "9100024"]
[EventDate "2014.08.02"]

1. e4 c5 2. c3 d5 3. e5 Nc6 4. d4 Bf5 5. Bd3 Bg6 6. Nf3 e6 7. Be3 c4 8. Bxg6
hxg6 9. b3 Nge7 10. O-O b5 11. Nbd2 Nf5 12. Bg5 f6 13. exf6 gxf6 14. Bf4 g5 15.
Bg3 Bd6 16. Qe2 Kf7 17. a4 bxa4 18. bxc4 g4 19. Ne1 Nxg3 20. fxg3 Qg8 21. cxd5
exd5 22. Nd3 Re8 23. Qf2 Qg5 24. Rfe1 Rxe1+ 25. Nxe1 Rb8 26. Rxa4 Rb2 27. Ne4
dxe4 28. Qxb2 Qe3+ 29. Kf1 Ne7 30. Rxa7 Qh6 31. Qb3+ 1-0

[Event "Olimpiade 2014 - Open"]
[Site "Tromsø"]
[Date "10.08.2014"]
[Round "8.76"]
[Board "2"]
[White "Marko, Helmut"]
[Black "Dalliah, Joseph"]
[Result "1-0"]
[WhiteTitle "CM"]
[WhiteElo "1953"]
[BlackElo "2060"]
[WhiteTeam "Papua New Guinea"]
[BlackTeam "Gambia"]
[WhiteFideId "9100032"]
[BlackFideId "21100055"]
[EventDate "2014.08.02"]

1. Nf3 d6 2. g3 e5 3. d3 Nf6 4. Bg2 Nc6 5. O-O Be7 6. e4 O-O 7. h3 d5 8. Nbd2
Be6 9. Ng5 Qd7 10. Nxe6 fxe6 11. Nb3 Rad8 12. Bg5 h6 13. Bxf6 Rxf6 14. c3 a5 15.
a4 Rdf8 16. Qg4 d4 17. Qe2 b6 18. h4 Bd6 19. c4 Qf7 20. Rac1 Bb4 21. c5 Qe8 22.
Qc2 Ne7 23. cxb6 cxb6 24. Ra1 Qf7 25. Qe2 g5 26. h5 Kh8 27. g4 Rf4 28. f3 Ng8
29. Nd2 Nf6 30. Nc4 Qc7 31. Rac1 Bc5 32. Rc2 Nd7 33. Rfc1 Qb8 34. Nd2 Nf6 35.
Nb3 Nd7 36. Nd2 Qd6 37. Nc4 Qe7 38. Nd2 Rb8 39. Nc4 Rff8 40. Kh2 Qf6 41. Qe1 Bb4
42. Qg3 b5 43. axb5 Rxb5 44. Kg1 Ra8 45. Qf2 Qf4 46. Na3 Rb7 47. Rc8+ Rxc8 48.
Rxc8+ Kg7 49. Qc2 Qe3+ 50. Kh2 Qf4+ 51. Kg1 Qf7 52. Rc7 Rxc7 53. Qxc7 Qe7 54.
Nc4 Kf6 55. Nxa5 Qc5 56. Qd8+ Kf7 57. Qxd7+ Kf8 58. Nc4 Be1 59. Qxe6 Bg3 60.
Qd6+ Qxd6 1-0

[Event "Olimpiade 2014 - Open"]
[Site "Tromsø"]
[Date "10.08.2014"]
[Round "8.78"]
[Board "2"]
[White "Tadese, Estube Haileselassie"]
[Black "Lima, Osvaldo Dos Santos"]
[Result "1-0"]
[WhiteElo "1952"]
[BlackElo "1751"]
[WhiteTeam "Ethiopia"]
[BlackTeam "Sao Tome & Principe"]
[WhiteFideId "15700330"]
[BlackFideId "14306352"]
[EventDate "2014.08.02"]

1. d4 d5 2. c4 e6 3. Nf3 Nf6 4. g3 Nbd7 5. Bg2 c6 6. O-O Bd6 7. Nbd2 O-O 8. Qc2
Re8 9. e4 dxe4 10. Nxe4 Nxe4 11. Qxe4 Nf6 12. Qc2 Bf8 13. Bf4 g6 14. Rfd1 Bg7
15. b4 Nh5 16. Bg5 f6 17. Be3 Qc7 18. Rac1 f5 19. Re1 f4 20. Bd2 fxg3 21. hxg3
Bd7 22. Ne5 Rad8 23. Bg5 Nf6 24. Qb3 Bc8 25. d5 exd5 26. cxd5 Qd6 27. Nc4 Rxe1+
28. Rxe1 Qc7 29. dxc6 bxc6 30. Ne5+ Kf8 31. Nxc6 Re8 32. Rxe8+ Kxe8 33. Bxf6
Bxf6 34. Qg8+ Kd7 35. Qf7+ Kd6 36. Qd5# 1-0

[Event "Olimpiade 2014 - Open"]
[Site "Tromsø"]
[Date "10.08.2014"]
[Round "8.79"]
[Board "1"]
[White "Meier, Peter"]
[Black "Bacchas, Clevert"]
[Result "1/2-1/2"]
[BlackTitle "CM"]
[WhiteElo "2039"]
[BlackElo "1948"]
[WhiteTeam "Seychelles"]
[BlackTeam "Bermuda"]
[WhiteFideId "9800158"]
[BlackFideId "8800758"]
[EventDate "2014.08.02"]

1. d4 d5 2. c4 c6 3. Nf3 Nf6 4. e3 e6 5. Bd3 Nbd7 6. Qc2 Be7 7. b3 O-O 8. Bb2 h6
9. Nbd2 c5 10. Ne5 cxd4 11. exd4 dxc4 12. Bxc4 Nb6 13. O-O Bd7 14. Rfd1 Rc8 15.
Qd3 Nbd5 16. Ndf3 Nb4 17. Qe2 a6 18. a3 Nbd5 19. Nxd7 Qxd7 20. Ne5 Qd8 21. Qf3
b5 22. Bd3 Qb6 23. Rac1 b4 24. axb4 Nxb4 25. Bc4 Rfd8 26. Ra1 a5 27. Bc3 Bd6 28.
Nd3 Be7 29. Ne5 Bd6 30. Nd3 Be7 31. Ne5 1/2-1/2

[Event "Olimpiade 2014 - Open"]
[Site "Tromsø"]
[Date "10.08.2014"]
[Round "8.79"]
[Board "3"]
[White "Pillay, Ragul"]
[Black "Cooper, Gary"]
[Result "1-0"]
[WhiteElo "1312"]
[BlackElo "1844"]
[WhiteTeam "Seychelles"]
[BlackTeam "Bermuda"]
[WhiteFideId "9800174"]
[BlackFideId "8800022"]
[EventDate "2014.08.02"]

1. d4 d5 2. e4 dxe4 3. Nc3 Nf6 4. Bg5 Nbd7 5. Qe2 e6 6. Nxe4 Be7 7. Nf3 Nxe4 8.
Bxe7 Qxe7 9. Qxe4 Nf6 10. Qe3 O-O 11. Bd3 Qb4+ 12. Nd2 Qxb2 13. O-O Qa3 14.
Bxh7+ Nxh7 15. Qxa3 Nf6 16. Rfe1 b6 17. Qf3 Rb8 18. Qg3 Bb7 19. h4 Rbc8 20. Re5
Rfd8 21. c3 c5 22. Rg5 Kf8 23. Rxg7 cxd4 24. c4 Rc5 25. Rg5 d3 26. Rxc5 bxc5 27.
Qc7 Rd7 28. Qxc5+ Ke8 29. f3 Kd8 30. Qg5 Ke7 31. Kf2 Rc7 32. h5 Rc8 33. h6 Rg8
34. Qxg8 Nxg8 35. h7 Nf6 36. h8=Q 1-0

[Event "Olimpiade 2014 - Open"]
[Site "Tromsø"]
[Date "10.08.2014"]
[Round "8.79"]
[Board "4"]
[White "Warren, Jamel"]
[Black "Hoareau, Benjamin"]
[Result "0-1"]
[WhiteElo "1534"]
[BlackElo "1875"]
[WhiteTeam "Bermuda"]
[BlackTeam "Seychelles"]
[WhiteFideId "8800650"]
[BlackFideId "9800069"]
[EventDate "2014.08.02"]

1. e4 e5 2. Nf3 d5 3. exd5 e4 4. Nd4 Qxd5 5. Nb5 Qe5 6. Qe2 a6 7. N5c3 Nf6 8. h3
Nc6 9. Qd1 Be6 10. Be2 Rd8 11. b3 Qg5 12. g3 Bb4 13. d3 Qe5 14. Bb2 Nd4 15. Kf1
Nf5 16. Qe1 e3 17. Kg2 exf2 18. Qxf2 Ne3+ 19. Kh2 Nxc2 20. a3 Bc5 21. Qg2 h5 22.
Nd2 Ng4+ 23. Bxg4 hxg4 24. h4 Rxh4+ 0-1

[Event "Olimpiade 2014 - Open"]
[Site "Tromsø"]
[Date "10.08.2014"]
[Round "8.80"]
[Board "2"]
[White "Joseph, Elton"]
[Black "Mwanyika, Geoffrey"]
[Result "1/2-1/2"]
[WhiteElo "1779"]
[BlackElo "1922"]
[WhiteTeam "Bahamas"]
[BlackTeam "Tanzania"]
[WhiteFideId "10400036"]
[BlackFideId "10002294"]
[EventDate "2014.08.02"]

1. e4 e5 2. Nf3 Nc6 3. Bc4 Bc5 4. c3 Qf6 5. O-O d6 6. a4 a5 7. Na3 Bg4 8. Nb5
Rc8 9. d3 Bxf3 10. Qxf3 Qxf3 11. gxf3 Nge7 12. Kg2 Ng6 13. Kg3 Na7 14. d4 exd4
15. cxd4 Bb6 16. Be3 Nxb5 17. axb5 O-O 18. h4 h5 19. f4 Ne7 20. f5 Kh8 21. Kf4
c6 22. Rg1 f6 23. Be6 Rcd8 24. d5 c5 25. Rg2 Nc8 26. Rag1 Rg8 27. Bf7 Na7 28.
Bxh5 Rd7 29. Be2 Re7 30. h5 Rge8 31. Bd3 Nc8 32. h6 gxh6 33. Rg6 Rh7 34. Bd2 Bd8
35. Bc3 Rf8 36. Kf3 h5 37. Bf1 Nb6 38. Bxa5 Nd7 39. Bxd8 Rxd8 40. Kf4 Rf8 41.
Be2 Ne5 42. b3 Nxg6+ 43. fxg6 Re7 44. Bxh5 Kg7 45. Bg4 Kxg6 46. Bf5+ Kf7 47.
Bg6+ Kg8 48. Bf5+ Rg7 49. Be6+ Kh8 50. Rh1+ Rh7 51. Rg1 Rh5 52. Ra1 Kg7 53. Ra7
Rb8 54. Bg4 Rh1 55. Be2 Rb1 56. Bc4 Kg6 57. f3 Rc1 58. Bd3 Rc3 59. Bc4 Kf7 60.
Kg4 Rc1 61. Kf5 Rh1 62. Kf4 Rh5 63. Bd3 Re5 64. Bc4 Re7 1/2-1/2

[Event "Olimpiade 2014 - Open"]
[Site "Tromsø"]
[Date "10.08.2014"]
[Round "8.80"]
[Board "3"]
[White "Mlawa, Hemed"]
[Black "Knowles, Kendrick"]
[Result "0-1"]
[WhiteElo "1799"]
[BlackElo "1688"]
[WhiteTeam "Tanzania"]
[BlackTeam "Bahamas"]
[WhiteFideId "10002251"]
[BlackFideId "10400451"]
[EventDate "2014.08.02"]

1. d4 Nf6 2. Bf4 g6 3. e3 Bg7 4. Nf3 d6 5. h3 O-O 6. Be2 c5 7. c3 Qb6 8. Qb3 Qc7
9. O-O Nc6 10. dxc5 Be6 11. cxd6 exd6 12. Qc2 Rad8 13. Na3 a6 14. Rac1 Ne5 15.
b3 Nd5 16. Bg5 Rd7 17. c4 Nxf3+ 18. Bxf3 Nb4 19. Qd2 Qa5 20. Nc2 Qxg5 21. Nxb4
Bxh3 22. Nd3 Re8 23. Nf4 Bf5 24. Nd3 h5 25. Rcd1 Bf6 26. Rfe1 Kg7 27. e4 Qxd2
28. Rxd2 Bc3 29. Rc2 Bxe1 30. exf5 Ba5 31. fxg6 fxg6 32. Bd5 Rde7 33. Nf4 Kh6
34. Ne6 Rxe6 35. Bxe6 Rxe6 36. Kf1 Bb4 37. g3 Kg5 38. Kg2 b5 39. cxb5 axb5 40.
Kh3 Bc5 41. a4 bxa4 42. bxa4 Re4 43. f4+ Kf5 44. Ra2 Re3 45. a5 Ra3 46. Rxa3
Bxa3 47. a6 Bc5 48. Kg2 Kg4 49. Kh2 d5 0-1

[Event "Olimpiade 2014 - Open"]
[Site "Tromsø"]
[Date "10.08.2014"]
[Round "8.80"]
[Board "4"]
[White "Moncur, Cecil"]
[Black "Mwaisumbe, Emmanuel"]
[Result "1-0"]
[WhiteElo "1689"]
[BlackElo "1685"]
[WhiteTeam "Bahamas"]
[BlackTeam "Tanzania"]
[WhiteFideId "10400583"]
[BlackFideId "10001875"]
[EventDate "2014.08.02"]

1. d4 Nf6 2. c4 e6 3. Nf3 Bb4+ 4. Bd2 Qe7 5. a3 Bxd2+ 6. Qxd2 Nc6 7. e3 O-O 8.
Bd3 Qe8 9. O-O b6 10. Nc3 Bb7 11. e4 d6 12. Qc2 e5 13. d5 Ne7 14. b4 Ng6 15.
Rfe1 c6 16. Rac1 Rc8 17. Qb3 Qd8 18. b5 cxd5 19. cxd5 Nf4 20. Bf1 Qd7 21. h3
N6h5 22. g4 Nf6 23. Nd2 Nxg4 24. hxg4 Qxg4+ 25. Kh2 Qh4+ 26. Kg1 f5 27. Ne2
Nxe2+ 28. Bxe2 Qg5+ 29. Kf1 Qxd2 30. Rxc8 Rxc8 31. exf5 Qxd5 32. Qh3 Qh1+ 33.
Qxh1 Bxh1 34. f3 Rc3 35. Kf2 e4 36. Rxh1 exf3 37. Bxf3 Rxa3 38. Bd5+ Kh8 39. Re1
h6 40. Re8+ Kh7 41. Bg8+ Kh8 42. Bf7+ Kh7 43. Bg6# 1-0

[Event "Olimpiade 2014 - Open"]
[Site "Tromsø"]
[Date "10.08.2014"]
[Round "8.82"]
[Board "1"]
[White "Ndikumana, Yves"]
[Black "Hernandez, Roberto PLW"]
[Result "1-0"]
[WhiteElo "2030"]
[BlackElo "1845"]
[WhiteTeam "Burundi"]
[BlackTeam "Palau"]
[WhiteFideId "20300018"]
[BlackFideId "16600010"]
[EventDate "2014.08.02"]

1. e4 d6 2. d4 g6 3. Bc4 Bg7 4. Nf3 Nf6 5. Nc3 O-O 6. h3 Nbd7 7. e5 dxe5 8. dxe5
Ne8 9. e6 fxe6 10. Bxe6+ Kh8 11. Bxd7 Bxd7 12. Bg5 Nd6 13. Qe2 Rf7 14. h4 Bc6
15. h5 Bxf3 16. gxf3 gxh5 17. Rxh5 Nf5 18. Qc4 Qf8 19. O-O-O h6 20. Rdh1 Kg8 21.
Be3 Kh8 22. Bd2 Nd6 23. Qg4 Nf5 24. Nd5 e5 25. Qg6 Qg8 26. Rxf5 Rxf5 27. Bxh6 1-0

[Event "Olimpiade 2014 - Open"]
[Site "Tromsø"]
[Date "10.08.2014"]
[Round "8.82"]
[Board "3"]
[White "Ntagasigumwami, Deo"]
[Black "Gonzales, Dennis"]
[Result "0-1"]
[WhiteElo "1817"]
[BlackElo "1720"]
[WhiteTeam "Burundi"]
[BlackTeam "Palau"]
[WhiteFideId "20300034"]
[BlackFideId "16600150"]
[EventDate "2014.08.02"]

1. d4 d5 2. c4 Nf6 3. Nc3 g6 4. c5 Bg7 5. Nf3 O-O 6. Bf4 a6 7. e3 Nc6 8. a3 Bf5
9. Nh4 Bg4 10. f3 Bc8 11. g4 Re8 12. Kf2 e5 13. dxe5 Nxe5 14. Ng2 c6 15. Qc2 Qe7
16. b4 Nfd7 17. Rd1 g5 18. Bg3 Qf6 19. Qf5 Nxg4+ 20. fxg4 Qxc3 21. Bd3 Nf6 22.
Qxg5 Bxg4 23. Nh4 Ne4+ 24. Bxe4 Rxe4 25. Bf4 Bxd1 26. Rxd1 Re6 27. Rg1 Kh8 28.
Nf5 Qc2+ 29. Kf3 Rg6 30. Nxg7 Rxg5 31. Rxg5 f6 32. Rg3 Rg8 33. Bh6 Qxh2 0-1

[Event "Olimpiade 2014 - Open"]
[Site "Tromsø"]
[Date "10.08.2014"]
[Round "8.85"]
[Board "1"]
[White "Hamal, Manish"]
[Black "Obodchuk, Andrei"]
[Result "0-1"]
[WhiteTitle "FM"]
[BlackTitle "IM"]
[WhiteElo "2068"]
[BlackElo "2372"]
[WhiteTeam "Nepal"]
[BlackTeam "IPCA"]
[WhiteFideId "12300110"]
[BlackFideId "4114310"]
[EventDate "2014.08.02"]

1. e4 c5 2. Nf3 Nc6 3. d4 cxd4 4. c3 dxc3 5. Nxc3 e6 6. Bc4 a6 7. O-O Nge7 8.
Bg5 h6 9. Be3 Ng6 10. Qe2 b5 11. Bb3 Be7 12. Rfd1 O-O 13. Rac1 Bb7 14. a3 Rc8
15. Qd2 d6 16. Nd4 Na5 17. Ba2 Nc4 18. Bxc4 Rxc4 19. f3 Ne5 20. Rc2 Rc8 21. Qf2
Nc4 22. Bc1 Bh4 23. g3 Bf6 24. Nde2 Qe7 25. Bf4 Rfd8 26. Qa7 Ne5 27. Bxe5 Bxe5
28. f4 Bf6 29. Rcd2 Qc7 30. Kf1 Be7 31. Qe3 Qc5 32. Qf3 a5 33. f5 b4 34. axb4
axb4 35. Na4 Qc6 36. b3 Qxe4 37. Qxe4 Bxe4 38. fxe6 fxe6 39. Nd4 e5 40. Re2 Bb7
41. Nf5 Bf8 42. Nb6 Rc3 43. Re3 g6 44. Rxc3 bxc3 45. Ne3 d5 46. Nbxd5 Bxd5 47.
Nxd5 Rxd5 0-1

[Event "Olimpiade 2014 - Open"]
[Site "Tromsø"]
[Date "10.08.2014"]
[Round "8.85"]
[Board "2"]
[White "Yarmonov, Igor"]
[Black "Rajbhandari, Rijendra"]
[Result "1-0"]
[WhiteTitle "IM"]
[WhiteElo "2329"]
[BlackElo "2061"]
[WhiteTeam "IPCA"]
[BlackTeam "Nepal"]
[WhiteFideId "14114496"]
[BlackFideId "12300403"]
[EventDate "2014.08.02"]

1. d4 Nf6 2. Nf3 e6 3. Nbd2 d5 4. e3 c5 5. c3 Nc6 6. Bd3 Bd6 7. O-O cxd4 8. exd4
O-O 9. Re1 Qc7 10. Qe2 Ng4 11. h3 Nh6 12. Nf1 Nf5 13. Ne5 f6 14. Nxc6 bxc6 15.
Qc2 g6 16. Ne3 Ng7 17. c4 Bd7 18. Bd2 f5 19. Nf1 f4 20. c5 Be7 21. Nh2 Nf5 22.
Nf3 Bf6 23. Qc3 Nxd4 24. Nxd4 e5 25. Qc2 e4 26. Bxe4 dxe4 27. Rxe4 Bxd4 28. Rxd4
f3 29. Qc4+ Rf7 30. Rf4 Rf8 31. Rxf3 Qe5 32. Rxf7 Rxf7 33. Re1 Qxb2 34. Re7 Qb1+
35. Kh2 Qf5 36. Bh6 Qd5 37. Qe2 Rxe7 38. Qxe7 Qf7 39. Qe5 Be8 40. f4 Bd7 41. a3
Be8 42. Kg3 Qd7 43. Qf6 Qf7 44. Qd6 Qb3+ 45. Kh4 Qf7 46. g4 Bd7 47. Kg5 Be8 48.
Qe5 Qd7 49. Kh4 Qd8+ 50. Bg5 Qd7 51. Bf6 Kf7 52. Kg5 Qe6 53. Qxe6+ Kxe6 54. Bc3
Kf7 55. h4 Bd7 56. f5 gxf5 57. gxf5 Bc8 58. Kf4 Ba6 59. Ke5 Bb5 60. Kd6 a6 61.
Kc7 Ke7 62. Kb6 Kf7 63. Ka5 Ke7 64. a4 Bc4 65. Kb6 Kd7 66. f6 Bb3 67. a5 Bc4 68.
f7 Ke7 69. Kxc6 Bxf7 70. Kb7 Bd5+ 71. c6 Be4 72. Bb4+ Kd8 73. Bd6 Bf3 74. Bf4
Be4 75. Bg5+ Ke8 76. Kb6 Bf3 77. Bf4 h5 78. c7 Kd7 79. Kxa6 Kc8 80. Kb6 Bg4 81.
a6 Be2 82. a7 Bf3 83. Kc5 1-0

[Event "Olimpiade 2014 - Open"]
[Site "Tromsø"]
[Date "10.08.2014"]
[Round "8.85"]
[Board "3"]
[White "Maharjan, Sajin"]
[Black "Vodyasov, Evgeny"]
[Result "1/2-1/2"]
[BlackTitle "IM"]
[WhiteElo "1980"]
[BlackElo "2226"]
[WhiteTeam "Nepal"]
[BlackTeam "IPCA"]
[WhiteFideId "12301906"]
[BlackFideId "4135164"]
[EventDate "2014.08.02"]

1. e4 e6 2. d4 d5 3. exd5 exd5 4. Bd3 Nc6 5. c3 Bd6 6. Nf3 Nge7 7. O-O O-O 8.
Bg5 f6 9. Bc1 Bg4 10. Nbd2 Qd7 11. Qc2 Bf5 12. Re1 Rfe8 13. Nf1 Bxd3 14. Qxd3
Qf5 15. Qxf5 Nxf5 16. Ne3 Nxe3 17. Bxe3 Kf7 18. Re2 h5 19. h4 Ne7 20. Rae1 Nf5
21. g3 Re6 22. Bd2 Rxe2 23. Rxe2 b6 24. Ne1 c5 25. Nc2 c4 26. Kg2 b5 27. Be1 a5
28. a3 Rg8 29. Bd2 g5 30. hxg5 fxg5 31. Ne3 Nxe3+ 32. Rxe3 g4 33. Re1 Re8 34.
Be3 Kg6 35. Rh1 Re6 36. Ra1 Bc7 37. Rh1 Bd8 38. Rd1 Be7 39. Rc1 Bf6 40. Rd1 Re8
41. Rc1 Bd8 42. Rd1 Bc7 43. Rc1 Bd6 44. Rd1 Re7 45. Rh1 Rb7 46. Ra1 Re7 47. Rh1
Re6 48. Rd1 Be7 49. Rc1 Bf6 50. Rd1 Ra6 51. Ra1 a4 1/2-1/2

[Event "Olimpiade 2014 - Open"]
[Site "Tromsø"]
[Date "10.08.2014"]
[Round "8.85"]
[Board "4"]
[White "Valenta, Vit"]
[Black "Shrestha, Keshav"]
[Result "0-1"]
[WhiteTitle "FM"]
[BlackTitle "CM"]
[WhiteElo "2132"]
[BlackElo "2137"]
[WhiteTeam "IPCA"]
[BlackTeam "Nepal"]
[WhiteFideId "307440"]
[BlackFideId "12300055"]
[EventDate "2014.08.02"]

1. e4 e5 2. Nc3 Nc6 3. Bc4 Nf6 4. Nf3 Nxe4 5. Nxe4 d5 6. Bxd5 Qxd5 7. Nc3 Qa5 8.
O-O Bg4 9. h3 Bh5 10. Re1 O-O-O 11. d3 f5 12. Bd2 Qc5 13. g4 fxg4 14. Ne4 Qb6
15. Nfg5 h6 16. hxg4 Bg6 17. Nf3 Qxb2 18. Bc3 Qb5 19. Nh4 Bxe4 20. Rxe4 Bd6 21.
Ng6 Rhe8 22. Qf3 Qd5 23. a4 Qe6 24. Nh4 Rf8 25. Qg2 Bc5 26. Rf1 Nd4 27. Bxd4
Rxd4 28. Nf5 Rxe4 29. dxe4 g6 30. Nxh6 Rf4 31. g5 Bf8 32. f3 Bxh6 33. gxh6 Rh4
34. Qg5 Rh5 35. Qg3 Rxh6 36. Rd1 Rh5 37. Kg2 b6 38. Rd5 Kb7 39. Qg4 Qf6 40. Kf2
Rh2+ 41. Kg3 Rxc2 42. Rd7 Qh8 0-1